| 000 | 00745nam a2200157 a 4500 | ||
|---|---|---|---|
| 001 | 000036276 | ||
| 005 | 20200930075637.0 | ||
| 008 | 120112s1969 ve 000 0 spa d | ||
| 040 |
_aDO-SdBNP _bspa _cBNPHU |
||
| 082 |
_axxx _bB456a |
||
| 100 | 1 |
_aBenaim Pinto, Henrique _962395 |
|
| 245 | 1 | 0 |
_aAnálisis del estado actual de la educación medica en Venezuela : _bCon observaciones sobre nuestra problematica universitaria / _cHenrique Benaim Pinto. |
| 260 |
_aVenezuela : _bUniversidad Central de Venezuela, _c1969. |
||
| 300 |
_a283 p. ; _c23 cm. |
||
| 500 | _aCorrelato al tema formación de profesionales de la medicina, presentado al VII Congreso Venezolano de Ciencias Médicas - Caracas 23-30 de octubre, 1967- actualizado para febrero de 1969 | ||
| 999 |
_c35767 _d35767 |
||